000 00850nam a2200217Ia 4500
003 GCL
008 140319s9999 xx 000 0 ara d
040 _aGCL /
_cGCL
082 0 4 _a415.1
_bا ت
100 1 _aالعكبرى , ابوالبقاء عبدالله
245 1 0 _aالبيان فى اعراب القران: يعرض لاهم وجوه القراءات ويعرب جميع ايات القران /
_cالعكبرى , ابوالبقاء عبدالله
700 1 _aعلى محمد البجاوى
260 _a[S.N] :
_bلجنة الاعلام والدراسات المستقبلية ،
_c1976
300 _aمتعدد الترقيم
490 _a
650 0 4 _aاللغة العربية
650 0 4 _aالبلاغة العربية
650 0 4 _aالقران - بلاغة
650 0 4 _aالقران - الفاظ
942 _2ddc
_cBK
999 _c54398
_d54398